| 000 | 00773nam a2200241 u 4500 | ||
|---|---|---|---|
| 005 | 20250408063811.0 | ||
| 008 | 141118s2007 mx r 000 0 spa d | ||
| 020 | _a9709833294 | ||
| 020 | _a9789707851757 | ||
| 035 | _aUPN01000200801 | ||
| 049 | _aI | ||
| 050 | 4 |
_aPZ74.9 _bG6.62 |
|
| 100 | 1 |
_aGómez Benet, Nuria, _d1967- _936651 |
|
| 245 | 1 | 0 |
_aNdaku para Yaro / _cNuria Gómez Benet ; il. Cecilia Lemus. |
| 260 |
_aMéxico : _bConapred : _bSM, _c2007. |
||
| 300 |
_a29 p. : _bil. |
||
| 440 | 0 |
_aKipatla. _pPara tratarnos igual |
|
| 650 | 4 |
_aLibros y lectura para niños _92290 |
|
| 650 | 4 |
_aDISCRIMINACION - _vLITERATURA INFANTIL _923110 |
|
| 650 | 4 |
_aDerechos humanos (Derecho internacional) _95169 |
|
| 650 | 2 |
_aMigración rural urbana _97838 |
|
| 905 | _aInfantil | ||
| 999 |
_c172902 _d172902 |
||